Paesi più vicini alla Guinea-Bissau - sprint di un minuto - Statistics

Statistiche generali
  • Questo quiz è stato fatto 4 volte
  • Il punteggio medio è 13 su 20
Statistiche sulle risposte
km paese % Corretto
637 Costa d'Avorio
100%
0 Guinea
100%
519 Liberia
100%
1668 Marocco
100%
1479 Togo
100%
1586 Benin
75%
61 Gambia
75%
208 Mali
75%
280 Mauritania
75%
0 Senegal
75%
249 Sierra Leone
75%
1657 Algeria
50%
900 Burkina Faso
50%
758 Cabo Verde
50%
1188 Ghana
50%
1511 Niger
50%
1832 Nigeria
50%
921 Sahara Occidentale
25%
2225 Portogallo
0%
1674 Spagna
0%
Nessun quiz corrispondente trovato
Distribuzione punteggi
Percentuale di utenti per punteggio
Percentile per numero di risposta
I tuoi punteggi nel tempo
Non hai fatto questo quiz